| 000 | 00364nam a2200133Ia 4500 | ||
|---|---|---|---|
| 008 | 210210b1978 xxu||||| |||| 00| 0 eng d | ||
| 082 | _a338.954 CHAI | ||
| 100 | _aCHAUDHURI (Pramit). | ||
| 245 | _aIndian economy: poverty and development. | ||
| 260 |
_aND _bVikas Publishing House Pvt Ltd., _c1978 |
||
| 300 | _a279 | ||
| 690 | _aIndian Economics | ||
| 906 | _a045315 | ||
| 999 |
_c94769 _d94769 |
||